00193nam a2200073Ia 4500008004100000100001700041245004100058260002000099170617s9999 xx 000 0 und d aWongs Wilson 0aNursing Care of Infants and Children bVIKAS PUB HOUSE